00378pab a2200145 454500008004000000100001700040245004800057260000900105300001200114362000800126650004500134650001800179700001600197773001900213180718b2001 xxu||||| |||| 00| 0 eng d aKochar, G.K. aProgrammes needed for women workers of H.P. c2001 ap.32-34 aMay aWomen workers - India - Himachal Pradesh aWomen workers aSingh, L.N. aSocial Welfare